The quest / (Record no. 22567)

000 -LEADER
fixed length control field 01053nam a22002537a 4500
003 - CONTROL NUMBER IDENTIFIER
control field OSt
005 - DATE AND TIME OF LATEST TRANSACTION
control field 20260418115502.0
008 - FIXED-LENGTH DATA ELEMENTS--GENERAL INFORMATION
fixed length control field 260416b xxu||||| |||| 00| 0 eng d
040 ## - CATALOGING SOURCE
Transcribing agency Cagayan State Univerity
245 ## - TITLE STATEMENT
Title The quest /
Statement of responsibility, etc directed by Jean- Claude Van Damme ; produced by Moshe Diamant, Peter MacDonald, Jason Clark.
Medium [videofile] /
260 ## - PUBLICATION, DISTRIBUTION, ETC. (IMPRINT)
Place of publication, distribution, etc United States :
Date of publication, distribution, etc 1996.
Name of publisher, distributor, etc HarperCollins Publishers,
300 ## - PHYSICAL DESCRIPTION
Extent 1 Videofile, (ca 95 minutes) :
Other physical details sound, color.
520 ## - SUMMARY, ETC.
Summary, etc A group of gentlemen of fortune visits a legendary "Lost City", located in Tibet. They plan to steal a priceless statue "Golden Dragon" during the martial arts tournament.
521 ## - TARGET AUDIENCE NOTE
Target audience note PG- 13; for martial arts violence.
546 ## - LANGUAGE NOTE
Language note In English with subtitles.
650 ## - SUBJECT ADDED ENTRY--TOPICAL TERM
Form subdivision Drama.
655 ## - INDEX TERM--GENRE/FORM
Genre/form data or focus term Martial arts.
700 ## - ADDED ENTRY--PERSONAL NAME
Personal name Van Damme, Jean- Claude, director.
Dates associated with a name 1960-
700 ## - ADDED ENTRY--PERSONAL NAME
Personal name Diamant, Moshe, producer.
Dates associated with a name 1939-
700 ## - ADDED ENTRY--PERSONAL NAME
Personal name MacDonald , Peter, producer.
700 ## - ADDED ENTRY--PERSONAL NAME
Personal name Clark, Jason, producer.
710 ## - ADDED ENTRY--CORPORATE NAME
Corporate name or jurisdiction name as entry element Universal Pictures
942 ## - ADDED ENTRY ELEMENTS (KOHA)
Source of classification or shelving scheme
Koha item type Audio-Visual Materials
Holdings
Source of acquisition Price effective from Permanent Location Date last seen Not for loan Date acquired Source of classification or shelving scheme Koha item type Collection code Shelving location Damaged status Lost status Withdrawn status Current Location
Donations2026-04-16Cagayan State University - Carig Library2026-04-16 2026-04-16 Audio-Visual MaterialsElectronic Media CenterElectronic Media Center   Cagayan State University - Carig Library

Cagayan State University University Library, Carig Campus
Tuguegarao City, Cagayan 3500 | www.csucarig.edu.ph

Powered by Koha